=LDR 00000nam 2200000 4500 =001 INLIS000000000041369 =005 20130612150915 =008 ***********************************ind** =035 ##$$0010-061300000041369 =041 ##$$a ind =082 ##$$a 813 =090 ##$$a 813, Bak l =100 ##$$a Bakry, Mas'ud =245 ##$$a LaRiru, Mas'oed =260 ##$$a 2009 $b Mataram =300 ##$$a 38 hlm, 21 cm =650 ##$$a Fiksi Indonesia =850 ##$$a NNT-CD